000 00334nab a22001097u 4500
008 130520b1984 xxu||||| |||| 00| 0 spa d
041 _aspa
100 1 _aSánchez, C. M.
_967339
245 0 0 _aComunidades comprometidas con la liberación
_cC. M. Sánchez
773 0 _tConcilium
_gV.2,1984,págs.413-416
_x0210-1041
_wRev134
942 _cAR
999 _c355124
_d355124